000
00248nam a2200097Ia 4500
001
799256
005
20250826170843.0
008
250824s9999 xx 000 0 und d
245
0
_a
ABDÜLHAMİD İN KURTLARLA DANSI
_c
MUSTAFA ARMAĞAN
260
_b
KETEBE
999
_c
799256
_d
799256